[Event "36th Olympiad w"]
[Site "Calvia ESP"]
[Date "2004.10.27"]
[Round "12"]
[White "Bosboom Lanchava,T"]
[Black "Sorokina,A"]
[Result "0-1"]
[WhiteElo "2352"]
[BlackElo "2199"]
[EventDate "2004.10.15"]

1. d4 Nf6 2. c4 e6 3. Nc3 Bb4 4. Qc2 O-O 5. Bg5 d5 6. e3 Nbd7 7. cxd5 exd5
8. Bd3 h6 9. Bh4 c6 10. Nge2 Re8 11. O-O Be7 12. Bg3 Nh5 13. Nxd5 Nxg3 14.
Nxe7+ Qxe7 15. Nxg3 Nf6 16. Nf5 Bxf5 17. Bxf5 Nd5 18. a3 a5 19. b3 Qg5 20.
Rab1 Qe7 21. Qb2 Qg5 22. Bh3 Qh5 23. Qc2 g6 24. b4 axb4 25. axb4 Ra3 26. b5
Nc3 27. Bd7 Re7 28. bxc6 bxc6 29. Rb8+ Kg7 30. Bxc6 Ne2+ 31. Kh1 Rc3 32.
Qb2 Rxc6 33. Rb5 Rc2 34. Qb4 Qh4 35. h3 Qe4 36. Kh2 Nc3 37. Rc5 Rb7 38. Qa5
Qd3 39. Qd8 Ne4 40. Ra5 Qxf1 41. Ra8 Qxg2+ 0-1

[Event "36th Olympiad w"]
[Site "Calvia ESP"]
[Date "2004.10.27"]
[Round "12"]
[White "Eriksson,I"]
[Black "Muhren,B"]
[Result "0-1"]
[WhiteElo "2098"]
[BlackElo "2343"]
[EventDate "2004.10.15"]

1. e4 c5 2. Nf3 e6 3. d3 d5 4. Nbd2 Nc6 5. g3 Nf6 6. Bg2 Be7 7. O-O b6 8.
Re1 Qc7 9. Nf1 Bb7 10. Qe2 h6 11. c3 O-O-O 12. Bf4 Qd7 13. Ne5 Qe8 14. Nxc6
Bxc6 15. a4 Qd7 16. e5 Ne8 17. a5 b5 18. d4 c4 19. a6 Nc7 20. b3 Na8 21.
bxc4 bxc4 22. Reb1 Kc7 23. Qa2 Rb8 24. Qa5+ Rb6 25. Bc1 Rhb8 26. Rxb6 Nxb6
27. Ne3 Kc8 28. Ba3 Bd8 29. Rb1 Be7 30. Bc5 Qc7 31. Nxc4 Nxc4 32. Qxc7+
Kxc7 33. Rxb8 Bxc5 34. Rg8 Ba3 35. Rxg7 Kb6 36. Rxf7 Kxa6 37. Rf6 Kb5 38.
g4 a5 39. h4 a4 40. g5 hxg5 41. hxg5 Bc1 42. f4 a3 43. g6 a2 44. g7 a1=Q
45. g8=Q Bxf4+ 46. Bf1 Be3+ 47. Kh1 Qxc3 48. Qb8+ Ka4 49. Bxc4 dxc4+ 50.
Kh2 Qc2+ 51. Kh3 Qg2+ 52. Kh4 Qg5+ 53. Kh3 Qg2+ 54. Kh4 Bg5+ 55. Kh5 Bxf6
56. Qa7+ Kb3 57. Qb6+ Kc2 58. exf6 Be8+ 59. Kh4 Qe4+ 60. Kg3 Qg6+ 61. Kh2
Qxf6 62. Qa7 Qh4+ 63. Kg1 Qg3+ 64. Kf1 Qf3+ 65. Kg1 Bc6 66. d5 Qxd5 67.
Qa2+ Kc3 68. Qa1+ Kb4 69. Qb2+ Kc5 70. Qa3+ Kb6 71. Qb2+ Bb5 72. Kh2 Qc5
73. Qf6 Qd6+ 74. Kg1 Qg3+ 0-1

[Event "36th Olympiad w"]
[Site "Calvia ESP"]
[Date "2004.10.27"]
[Round "12"]
[White "Lagvilava,G"]
[Black "Berend,E"]
[Result "0-1"]
[WhiteElo "2299"]
[BlackElo "2307"]
[EventDate "2004.10.15"]

1. e4 c5 2. Nc3 g6 3. g3 Bg7 4. Bg2 Nc6 5. d3 d6 6. Be3 e5 7. Qd2 Be6 8.
Nge2 Nd4 9. O-O Ne7 10. f4 O-O 11. Rab1 Qd7 12. Nd5 Bxd5 13. exd5 Nef5 14.
Bh3 Nxe2+ 15. Qxe2 Nxg3 16. Qg2 Nf5 17. Bd2 f6 18. Rbe1 Kh8 19. Bxf5 gxf5
20. Qh3 Rae8 21. Re2 b5 22. b3 c4 23. dxc4 bxc4 24. bxc4 Rc8 25. fxe5 fxe5
26. Re4 Rf7 27. Rh4 f4 28. Rxh7+ Kg8 29. Rb1 Qxh3 30. Rxh3 e4 31. Bc3 e3
32. Bxg7 Rxg7+ 33. Kf1 Rxc4 34. Rb8+ Kf7 35. Rf3 Rg5 36. Rb7+ Kf6 37. Rb3
Ke5 38. h4 Rg4 39. Rh3 Rxc2 40. h5 Rf2+ 0-1

[Event "36th Olympiad w"]
[Site "Calvia ESP"]
[Date "2004.10.27"]
[Round "12"]
[White "Steil Antoni,F"]
[Black "Sharevich,A"]
[Result "0-1"]
[WhiteElo "1936"]
[BlackElo "2266"]
[EventDate "2004.10.15"]

1. e4 c5 2. Nc3 e6 3. f4 a6 4. Nf3 Nc6 5. g3 d6 6. Bg2 Nf6 7. d3 Be7 8. O-O
Nd4 9. Be3 Ng4 10. Bd2 Nf6 11. Ne2 Nxf3+ 12. Bxf3 O-O 13. c3 Rb8 14. Qc2 b5
15. d4 Bb7 16. Rad1 Qc7 17. Be3 Rfe8 18. g4 Bf8 19. g5 Nd7 20. Qd3 Rbd8 21.
h4 e5 22. Ng3 cxd4 23. cxd4 exd4 24. Bxd4 Nc5 25. Qc3 Qc8 26. e5 Bxf3 27.
Qxf3 dxe5 28. Bxe5 Qh3 29. Nh5 Qxf3 30. Rxd8 Qg4+ 0-1

[Event "36th Olympiad w"]
[Site "Calvia ESP"]
[Date "2004.10.27"]
[Round "12"]
[White "Tilenbaeva,J"]
[Black "Palao,M"]
[Result "1/2-1/2"]
[WhiteElo "2080"]
[BlackElo "2128"]
[EventDate "2004.10.15"]

1. e4 c5 2. Nf3 e6 3. d3 Nc6 4. g3 g6 5. Bg2 Bg7 6. O-O Nge7 7. c3 O-O 8.
Be3 d6 9. Nbd2 Rb8 10. Ng5 b5 11. f4 b4 12. Qe2 a5 13. g4 h6 14. Nh3 f5 15.
gxf5 exf5 16. Nf3 Ba6 17. Rfd1 Qb6 18. Rac1 bxc3 19. bxc3 Qb2 20. e5 Qa3
21. exd6 Rb2 22. dxe7 Nxe7 23. Qxb2 Qxb2 24. Bxc5 Re8 25. Nd4 Bxd3 26. Nf2
Bc4 27. Rc2 Qb8 28. Bxe7 Rxe7 29. Nc6 Qc7 30. Nxe7+ Qxe7 31. Rcd2 Qe3 32.
Bd5+ Bxd5 33. Rxd5 Qxc3 34. Rd8+ Kh7 35. R8d7 g5 36. fxg5 hxg5 37. R1d5 Kg6
38. R7d6+ Kh5 39. Rxf5 Bd4 40. Rdd5 Bxf2+ 41. Kxf2 Qc2+ 42. Kg3 Qc3+
1/2-1/2

[Event "36th Olympiad w"]
[Site "Calvia ESP"]
[Date "2004.10.27"]
[Round "12"]
[White "Topel,Z"]
[Black "Pintor,A"]
[Result "0-1"]
[WhiteElo "2062"]
[BlackElo "2058"]
[EventDate "2004.10.15"]

1. d4 Nf6 2. Nc3 d6 3. Bg5 Nbd7 4. e4 c6 5. Qd2 e5 6. Nge2 Be7 7. f4 O-O 8.
O-O-O Re8 9. Kb1 b5 10. Ng3 Qa5 11. fxe5 dxe5 12. Nd5 Qxd2 13. Nxe7+ Rxe7
14. Rxd2 exd4 15. Rxd4 Bb7 16. Rd1 Re5 17. Bf4 Ree8 18. b4 a5 19. c3 axb4
20. cxb4 Ra4 21. Bd6 Nxe4 22. Nxe4 Rxe4 23. Bc5 Nf6 24. Rd8+ Re8 25. Rxe8+
Nxe8 26. Bd3 Nf6 27. Re1 Bc8 28. Re7 Be6 29. Rc7 Rxa2 30. Rxc6 Rxg2 31. Rd6
Bd7 32. Bf5 Bxf5+ 33. Ka1 Bd7 34. Bd4 Be8 35. Rd8 Re2 0-1

[Event "36th Olympiad w"]
[Site "Calvia ESP"]
[Date "2004.10.27"]
[Round "12"]
[White "Baptista,A"]
[Black "Bayrak,A"]
[Result "0-1"]
[WhiteElo "2042"]
[BlackElo "1907"]
[EventDate "2004.10.15"]

1. e4 e6 2. d4 d5 3. Nd2 Nf6 4. e5 Nfd7 5. Bd3 c5 6. c3 Nc6 7. Ne2 cxd4 8.
cxd4 f6 9. exf6 Nxf6 10. Nf3 Bd6 11. O-O O-O 12. Bf4 Kh8 13. Qd2 Ne4 14.
Qe3 Bxf4 15. Nxf4 Nxd4 16. Nxd4 e5 17. Nde2 exf4 18. Nxf4 Re8 19. Rfe1 d4
20. Qf3 Nf6 21. Qg3 Bd7 22. Qh4 Rc8 23. Nd5 Rxe1+ 24. Rxe1 Qa5 25. Re5 Rc1+
26. Bf1 Qa6 27. h3 Rxf1+ 28. Kh2 Qd6 29. Qxd4 Rd1 30. Nxf6 Rxd4 0-1

[Event "36th Olympiad w"]
[Site "Calvia ESP"]
[Date "2004.10.27"]
[Round "12"]
[White "Macek,V"]
[Black "Koskoska,G"]
[Result "1/2-1/2"]
[WhiteElo "2230"]
[BlackElo "2242"]
[EventDate "2004.10.15"]

1. c4 e5 2. Nc3 Nf6 3. g3 d5 4. cxd5 Nxd5 5. Bg2 Nxc3 6. bxc3 Be7 7. Qb3 c6
8. Nf3 Nd7 9. d4 exd4 10. cxd4 O-O 11. O-O Nb6 12. Bb2 Be6 13. Qc2 f5 14.
Ne5 Bd5 15. f3 Bd6 16. e4 Be6 17. f4 g6 18. Bc3 Rc8 19. Rfd1 Qe7 20. Rac1
Bxe5 21. fxe5 fxe4 22. Bxe4 Nd5 23. Bd2 Bf5 24. Bh6 Rf7 25. Rf1 Qe6 26.
Bxf5 gxf5 27. Qd2 Kh8 28. Rf2 Rg8 29. Bf4 Rg4 30. Rcf1 Rg8 31. a3 1/2-1/2

[Event "36th Olympiad w"]
[Site "Calvia ESP"]
[Date "2004.10.27"]
[Round "12"]
[White "Sekulovska,V"]
[Black "Jelica,M"]
[Result "1/2-1/2"]
[WhiteElo "2164"]
[BlackElo "2252"]
[EventDate "2004.10.15"]

1. d4 Nf6 2. c4 g6 3. Nc3 d5 4. cxd5 Nxd5 5. Qb3 Nb6 6. Nf3 Bg7 7. Bf4 O-O
8. e3 Be6 9. Qc2 Nc6 10. Be2 Nb4 11. Qd1 N4d5 12. Be5 Nxc3 13. bxc3 f6 14.
Bg3 Rc8 15. O-O c5 16. e4 cxd4 17. cxd4 Bf7 18. a4 Nc4 19. Rb1 Qd7 20. Bd3
b6 21. Qe2 Qxa4 22. d5 Na5 23. Ra1 Qb4 24. Rab1 Qc5 25. h4 Bh6 26. Rb5 Qa3
27. Nd4 Rc1 28. Rb1 Rxf1+ 29. Rxf1 Qc5 30. Nb5 Ra8 31. Kh1 1/2-1/2

[Event "36th Olympiad w"]
[Site "Calvia ESP"]
[Date "2004.10.27"]
[Round "12"]
[White "Calle,M"]
[Black "Siti,Z"]
[Result "1-0"]
[WhiteElo "2111"]
[BlackElo "2162"]
[EventDate "2004.10.15"]

1. e4 c5 2. Nf3 Nc6 3. d3 g6 4. g3 Bg7 5. Bg2 d6 6. O-O Rb8 7. c3 e5 8.
Nbd2 Nf6 9. Re1 O-O 10. Nf1 d5 11. Bg5 d4 12. cxd4 cxd4 13. Qd2 Qd6 14.
Rec1 Nd7 15. Ne1 f6 16. Bh6 b6 17. Bxg7 Kxg7 18. h4 Nc5 19. Nh2 a5 20. h5
g5 21. Bf3 Be6 22. Nc2 b5 23. Bg4 Bf7 24. Kh1 h6 25. Rg1 b4 26. Ne1 Kh8 27.
Ng2 Ne7 28. f4 Qa6 29. Rgd1 Be6 30. Qe2 Rfc8 31. Rac1 Kg7 32. Kg1 Qd6 33.
Rf1 Na4 34. Rxc8 Nxc8 35. fxe5 fxe5 36. Rf8 Kxf8 37. Bxe6 Qxe6 38. Qc2 Nab6
39. Qc5+ Qd6 40. Qxa5 Kg7 41. Ng4 Nd7 42. Qd8 Ncb6 43. Qe8 Nc5 44. Nxe5 Qe6
45. Qxe6 Nxe6 46. Ne1 Na4 47. Nc4 g4 48. Nc2 Nf4 1-0

[Event "36th Olympiad w"]
[Site "Calvia ESP"]
[Date "2004.10.27"]
[Round "12"]
[White "Roslina,M"]
[Black "Aliaga Fernandez,I"]
[Result "1/2-1/2"]
[WhiteElo "2028"]
[BlackElo "2141"]
[EventDate "2004.10.15"]

1. d4 d5 2. Nf3 Nf6 3. e3 e6 4. c4 dxc4 5. Bxc4 c5 6. O-O a6 7. a4 Be7 8.
Qc2 cxd4 9. Nxd4 O-O 10. Nc3 Qc7 11. Be2 b6 12. Bf3 Ra7 13. Bd2 Bb7 14. Qd1
Bxf3 15. Qxf3 Bd6 16. g3 Qb7 17. Qe2 Nc6 18. Rfc1 Nxd4 19. exd4 Raa8 20.
Be3 Rfc8 21. Bg5 Nd5 22. Ne4 Be7 23. Bxe7 Rxc1+ 24. Rxc1 Nxe7 25. Qf3 Nd5
26. Kg2 Qd7 27. Qb3 h6 28. Qc4 Ra7 29. Qc8+ Qxc8 30. Rxc8+ Kh7 31. Nd6 Kg6
32. Nc4 b5 33. Ne5+ Kf5 34. axb5 axb5 35. Rc5 Rb7 36. Kf3 f6 37. g4+ Kg5
38. Nd3 Kg6 39. Nf4+ Nxf4 40. Kxf4 b4 41. b3 Kf7 42. h4 Ke7 1/2-1/2

[Event "36th Olympiad w"]
[Site "Calvia ESP"]
[Date "2004.10.27"]
[Round "12"]
[White "Ribeiro,Re"]
[Black "Pretorius,M"]
[Result "1-0"]
[WhiteElo "2076"]
[BlackElo "1965"]
[EventDate "2004.10.15"]

1. Nf3 Nf6 2. g3 c5 3. Bg2 e6 4. c4 Be7 5. O-O O-O 6. Nc3 a6 7. d4 cxd4 8.
Nxd4 d6 9. b3 Qc7 10. Bb2 Nbd7 11. Rc1 Re8 12. e4 Rb8 13. f4 Bf8 14. Kh1
Kh8 15. g4 b6 16. g5 Ng8 17. Qh5 Nc5 18. Rf3 e5 19. fxe5 g6 20. exd6 Bxd6
21. Nd5 Qb7 22. Nc6+ f6 23. gxf6 Qf7 24. Qh4 Rxe4 25. Qf2 Bg4 26. Nxb8 Bxb8
27. Re3 Rxe3 28. Qxe3 Nd7 29. Re1 h5 30. Qe8 Qxe8 31. Rxe8 Kh7 32. f7 1-0

[Event "36th Olympiad w"]
[Site "Calvia ESP"]
[Date "2004.10.27"]
[Round "12"]
[White "Ellappen,J"]
[Black "Chaves,Joa"]
[Result "0-1"]
[WhiteElo "2031"]
[BlackElo "2046"]
[EventDate "2004.10.15"]

1. e4 e5 2. Nf3 Nc6 3. Bb5 a6 4. Ba4 Nf6 5. O-O Be7 6. Re1 b5 7. Bb3 d6 8.
c3 O-O 9. h3 Na5 10. Bc2 c5 11. d4 Nd7 12. Nbd2 Bf6 13. d5 g6 14. Nf1 Bg7
15. Ng3 Nc4 16. b3 Ncb6 17. Be3 h6 18. Qd2 Kh7 19. Nh2 Nf6 20. Bd1 Ng8 21.
Bg4 Nd7 22. Be2 Ndf6 23. Bd3 Kh8 24. Rad1 Nh7 25. f4 Qh4 26. Ngf1 Qe7 27.
fxe5 Bxe5 28. Nf3 Bg7 29. Bf4 Qd8 30. Bc2 Nhf6 31. e5 dxe5 32. Nxe5 Kh7 33.
Qd3 Bf5 34. Qd2 Bxc2 35. Qxc2 Nh5 36. Bh2 Qg5 37. Nf3 Qf6 38. Be5 Qb6 39.
Bxg7 Kxg7 40. c4 Kh8 41. Ne5 Qd6 42. Ng3 Qf6 0-1

[Event "36th Olympiad w"]
[Site "Calvia ESP"]
[Date "2004.10.27"]
[Round "12"]
[White "Lindiawati,E"]
[Black "Hernandez,Z"]
[Result "1/2-1/2"]
[WhiteElo "2125"]
[BlackElo "2100"]
[EventDate "2004.10.15"]

1. e4 c5 2. Nf3 d6 3. d4 cxd4 4. Nxd4 Nf6 5. Nc3 a6 6. a4 e6 7. Be2 Be7 8.
O-O O-O 9. Nb3 Qc7 10. Be3 Nc6 11. f4 b6 12. Rc1 Nb4 13. Bf3 Bb7 14. Qd4 d5
15. exd5 Nbxd5 16. Nxd5 Nxd5 17. Bxd5 Bxd5 18. Qxb6 Qc4 19. Nd2 Qxa4 20. c4
Rfb8 21. b3 Qe8 22. Qd4 Bb7 23. Qc3 Qc6 24. Nf3 a5 25. Qc2 Qe4 26. Qxe4
Bxe4 27. Nd2 Bd3 28. Rfd1 Bb4 29. Nb1 Be2 30. Rd2 Rd8 31. Rxd8+ Rxd8 32.
Bb6 Rd1+ 33. Rxd1 Bxd1 34. Bd4 Bxb3 35. c5 Bd5 36. Kf2 Kf8 37. g3 Ke7 38.
Nc3 Bc6 39. Na2 g6 40. Nxb4 axb4 41. Ke3 Bb5 42. Be5 Kd7 43. Kd4 Kc6 44.
Bf6 b3 45. Kc3 Kxc5 46. Kxb3 Bc4+ 47. Kc3 Kd5 48. g4 h5 49. gxh5 gxh5 50.
h4 Bf1 51. Kd2 Ke4 52. Ke1 Bc4 53. Bg5 Kf5 54. Bh6 f6 55. Bg7 e5 56. fxe5
Kxe5 57. Kf2 Kf5 58. Kg3 Kg6 59. Bf8 Be2 60. Kf4 Bg4 61. Bb4 Kf7 62. Bc3
Ke6 63. Bb2 f5 64. Bc3 Kd5 65. Bf6 Ke6 66. Bc3 1/2-1/2

[Event "36th Olympiad w"]
[Site "Calvia ESP"]
[Date "2004.10.27"]
[Round "12"]
[White "Mouradian,K"]
[Black "Lomibao,S"]
[Result "0-1"]
[WhiteElo "2119"]
[BlackElo "2089"]
[EventDate "2004.10.15"]

1. e4 d6 2. d4 Nf6 3. f3 g6 4. c4 Bg7 5. Nc3 O-O 6. Be3 e5 7. Nge2 c6 8.
Qd2 Nbd7 9. Rd1 Qe7 10. g3 d5 11. cxd5 cxd5 12. exd5 e4 13. Bg2 exf3 14.
Bxf3 Nb6 15. b3 Bg4 16. d6 Qxd6 17. Bxb7 Rae8 18. Bf4 Qe7 19. Bg2 Nfd5 20.
Nxd5 Nxd5 21. O-O Nxf4 22. Qxf4 Bxe2 23. Rde1 Qd7 0-1

[Event "36th Olympiad w"]
[Site "Calvia ESP"]
[Date "2004.10.27"]
[Round "12"]
[White "Mendoza,B"]
[Black "Nekrasova,E"]
[Result "1/2-1/2"]
[WhiteElo "2131"]
[BlackElo "2107"]
[EventDate "2004.10.15"]

1. e4 c5 2. Nf3 Nc6 3. Bb5 d6 4. O-O Bd7 5. Re1 a6 6. Bf1 Bg4 7. h3 Bh5 8.
d3 e5 9. c3 Be7 10. Nbd2 Nf6 11. a4 O-O 12. Nc4 Qc7 13. Ne3 h6 14. g4 Bg6
15. Nh4 Nh7 16. Nhf5 Bg5 17. h4 Bxe3 18. Rxe3 Bxf5 19. gxf5 Nf6 20. Rg3 Nh7
21. Bg2 b5 22. Be3 Rfe8 23. Qf3 b4 24. Kh2 bxc3 25. bxc3 Rab8 26. Rb1 Rxb1
1/2-1/2

[Event "36th Olympiad w"]
[Site "Calvia ESP"]
[Date "2004.10.27"]
[Round "12"]
[White "Hamid,R"]
[Black "Cast,A"]
[Result "1/2-1/2"]
[WhiteElo "2164"]
[BlackElo "2082"]
[EventDate "2004.10.15"]

1. e4 e6 2. d4 d5 3. Nc3 Nf6 4. Bg5 Be7 5. e5 Nfd7 6. Bxe7 Qxe7 7. f4 a6 8.
Nf3 c5 9. dxc5 Nc6 10. Bd3 Qxc5 11. Qd2 f6 12. exf6 Nxf6 13. O-O-O b5 14.
Rhe1 O-O 15. Ng5 Re8 16. Nb1 Bd7 17. Re2 a5 18. c3 b4 19. Qc2 h6 20. Bh7+
Kf8 21. Bg6 Re7 22. Nf3 bxc3 23. Qxc3 Qxc3+ 24. Nxc3 Be8 25. Nh4 Kg8 26. g3
Rd8 27. Red2 e5 28. Bxe8 Rexe8 29. fxe5 Nxe5 30. Nf5 Nc6 31. Nd4 Nxd4 32.
Rxd4 Kf7 33. Kc2 Ke6 34. Kd3 Rb8 35. b3 Rbc8 36. Ne2 Nd7 37. Nc3 1/2-1/2

[Event "36th Olympiad w"]
[Site "Calvia ESP"]
[Date "2004.10.27"]
[Round "12"]
[White "Smith,O"]
[Black "Parveen,S"]
[Result "1/2-1/2"]
[WhiteElo "1831"]
[BlackElo "2139"]
[EventDate "2004.10.15"]

1. e4 e5 2. Bc4 Nf6 3. d3 Be7 4. Nf3 Nc6 5. c3 O-O 6. O-O d5 7. exd5 Nxd5
8. Re1 Bg4 9. h3 Bh5 10. g4 Bg6 11. Nxe5 Nxe5 12. Rxe5 Nb6 13. Qf3 Bd6 14.
Re1 Nxc4 15. dxc4 Qh4 16. Be3 f5 17. c5 fxg4 18. Qxg4 Qxg4+ 19. hxg4 Bf4
20. Bd4 Bg5 21. Kg2 Rae8 22. Rxe8 Rxe8 23. Na3 Re2 24. b4 Bf7 25. Kf3 Rxa2
26. Rxa2 Bxa2 27. Nb5 a6 28. Nxc7 Bd8 29. Ne8 Bd5+ 30. Kf4 g6 31. Nf6+ Bxf6
32. Bxf6 h5 33. gxh5 gxh5 34. Ke5 Bc4 35. f4 Kf7 36. Kf5 Be2 37. Kg5 Bf3
38. Bd4 Be2 1/2-1/2

[Event "36th Olympiad w"]
[Site "Calvia ESP"]
[Date "2004.10.27"]
[Round "12"]
[White "Connolly,S"]
[Black "Starr,N"]
[Result "0-1"]
[WhiteElo "2076"]
[BlackElo "2191"]
[EventDate "2004.10.15"]

1. e4 g6 2. d4 Bg7 3. Nc3 c6 4. Nf3 d5 5. h3 dxe4 6. Nxe4 Nd7 7. Bc4 Ngf6
8. Nxf6+ Nxf6 9. O-O O-O 10. Bf4 Qb6 11. Bb3 Bf5 12. Qe2 Rfe8 13. c3 Rad8
14. Ne5 Nd5 15. Bg3 e6 16. Rfe1 c5 17. dxc5 Qxc5 18. Rad1 b5 19. Nd3 Bxd3
20. Rxd3 Nb6 21. Red1 Rxd3 22. Qxd3 Bf6 23. Qd6 Qxd6 24. Rxd6 Rc8 25. Bf4
Kf8 26. Be3 Ke7 27. Rd2 Rc6 28. Bxb6 Rxb6 29. Kf1 b4 30. c4 Rd6 31. Rxd6
Kxd6 32. Ke2 Bxb2 33. Kd3 Kc5 34. f3 f5 35. g4 Bc1 36. Ba4 Kd6 37. Kd4 Bb2+
38. Ke3 g5 39. gxf5 exf5 40. Bc2 Ke5 41. Kf2 Bd4+ 42. Kg2 h5 43. Ba4 h4 44.
Bc6 a5 45. Bd7 Bc5 46. Kf1 Kd4 47. Bxf5 Kc3 48. Ke2 Kb2 0-1

[Event "36th Olympiad w"]
[Site "Calvia ESP"]
[Date "2004.10.27"]
[Round "12"]
[White "Khaziyeva,D"]
[Black "Quinn,De"]
[Result "1-0"]
[WhiteElo "2100"]
[BlackElo "2036"]
[EventDate "2004.10.15"]

1. Nf3 Nf6 2. c4 c6 3. d4 d5 4. Nc3 a6 5. Qb3 dxc4 6. Qxc4 b5 7. Qd3 e6 8.
e4 Bb7 9. Bg5 Be7 10. Rc1 O-O 11. Be2 Nbd7 12. e5 Nd5 13. Bxe7 Nxe7 14. Ng5
Ng6 15. h4 c5 16. f4 Ndxe5 17. fxe5 Qxd4 18. Nce4 Qxd3 19. Bxd3 Nxe5 20.
Bb1 h6 21. Nf3 Nxf3+ 22. gxf3 c4 23. Ke2 Rfd8 24. Rcd1 Rd5 25. Nd6 Rxd1 26.
Rxd1 Bd5 27. Be4 Bxe4 28. Nxe4 Kf8 29. Rd7 Ke8 30. Rb7 Rd8 31. Rb6 Rd5 32.
Rxa6 Rh5 33. Rb6 Re5 34. Rxb5 Rd5 35. Rxd5 exd5 36. Nc3 d4 37. Nb5 d3+ 38.
Ke3 Ke7 39. Na3 g5 40. hxg5 1-0

[Event "36th Olympiad w"]
[Site "Calvia ESP"]
[Date "2004.10.27"]
[Round "12"]
[White "Borda,C"]
[Black "Valickova,M"]
[Result "1/2-1/2"]
[WhiteElo "2088"]
[BlackElo "2076"]
[EventDate "2004.10.15"]

1. e4 e5 2. Nf3 Nc6 3. Bc4 Nf6 4. d4 exd4 5. O-O Nxe4 6. Re1 d5 7. Bxd5
Qxd5 8. Nc3 Qa5 9. Nxe4 Be6 10. Neg5 O-O-O 11. Nxe6 fxe6 12. Rxe6 Bd6 13.
Bg5 Rde8 14. Qe2 Kd7 15. Re1 Qxe1+ 16. Qxe1 Rxe6 17. Qd1 Rhe8 18. g3 Kc8
19. Kg2 Bc5 20. a3 a5 21. Qd3 g6 22. Qf5 1/2-1/2

[Event "36th Olympiad w"]
[Site "Calvia ESP"]
[Date "2004.10.27"]
[Round "12"]
[White "Cima,R"]
[Black "Basem Hassan,M"]
[Result "1/2-1/2"]
[WhiteElo "2130"]
[BlackElo "2050"]
[EventDate "2004.10.15"]

1. e4 c5 2. Nf3 Nc6 3. d4 cxd4 4. Nxd4 g6 5. Nc3 Bg7 6. Be3 Nf6 7. Be2 O-O
8. O-O d5 9. exd5 Nxd5 10. Nxd5 Qxd5 11. Bf3 Qa5 12. Nxc6 bxc6 13. Bxc6 Rb8
14. Qd5 Qc7 15. Rad1 Be6 16. Qf3 Rxb2 17. Bd5 Bxd5 18. Qxd5 1/2-1/2

[Event "36th Olympiad w"]
[Site "Calvia ESP"]
[Date "2004.10.27"]
[Round "12"]
[White "Nakagawa,E"]
[Black "Munoz,Ca"]
[Result "1/2-1/2"]
[WhiteElo "1949"]
[BlackElo "2091"]
[EventDate "2004.10.15"]

1. d4 Nf6 2. c4 c5 3. d5 e6 4. Nc3 exd5 5. cxd5 d6 6. e4 g6 7. Nf3 Bg7 8.
Be2 O-O 9. O-O Re8 10. Nd2 a6 11. a4 Nbd7 12. f3 Rb8 13. Nc4 Ne5 14. Be3
Nxc4 15. Bxc4 Nd7 16. Qd2 Ne5 17. Be2 Qc7 18. Rfb1 Bd7 19. a5 b5 20. axb6
Rxb6 21. Kh1 Bb5 22. Nxb5 axb5 23. Ra2 Rb7 24. Rba1 b4 25. Ra6 c4 26. Bd4
Reb8 27. h3 c3 28. bxc3 bxc3 29. Qxc3 Qxc3 30. Bxc3 Rb1+ 31. Rxb1 Rxb1+ 32.
Kh2 Nxf3+ 33. Bxf3 Bxc3 34. Ra2 Be5+ 1/2-1/2

[Event "36th Olympiad w"]
[Site "Calvia ESP"]
[Date "2004.10.28"]
[Round "13"]
[White "Huang Qian"]
[Black "Harika,D"]
[Result "1/2-1/2"]
[WhiteElo "2371"]
[BlackElo "2391"]
[EventDate "2004.10.15"]

1. d4 Nf6 2. c4 g6 3. g3 Bg7 4. Bg2 O-O 5. Nc3 d6 6. Nf3 Nc6 7. O-O Rb8 8.
Qd3 e5 9. dxe5 dxe5 10. Qxd8 Rxd8 11. Bg5 Be6 12. Nd2 h6 13. Bxf6 Bxf6 14.
Nde4 Be7 15. Nd5 Bxd5 16. cxd5 Nb4 17. Nc3 c6 18. dxc6 bxc6 19. Rad1 Na6
20. Bxc6 Rxb2 21. Nd5 Kf8 22. Nxe7 Kxe7 23. Rxd8 Kxd8 24. Rd1+ Kc7 25. Be8
Nc5 26. Rd5 Ne4 27. Rxe5 Rxe2 28. Bxf7 Nxg3 29. Ra5 Kb6 30. Ra3 Nh5 31. Kf1
Rc2 32. Rb3+ Kc7 33. Rf3 Rc6 34. Ke1 Rd6 35. Rh3 Kd8 36. Rh4 Rf6 37. Bxg6
Nf4 38. Be4 Ke7 39. Rg4 Kd6 40. Kd2 Nh3 41. f3 Kc5 42. Rg7 Ra6 43. Rc7+ Kd6
44. Rc2 Ra3 45. Rc6+ Ke5 46. Rxh6 Rxa2+ 47. Kc3 1/2-1/2

[Event "36th Olympiad w"]
[Site "Calvia ESP"]
[Date "2004.10.28"]
[Round "13"]
[White "Dzagnidze,N"]
[Black "Kovalevskaya,E"]
[Result "1/2-1/2"]
[WhiteElo "2484"]
[BlackElo "2471"]
[EventDate "2004.10.15"]

1. c4 e5 2. Nc3 Nc6 3. g3 f5 4. Bg2 Nf6 5. e3 d5 6. Nxd5 Nxd5 7. cxd5 Nb4
8. d3 Nxd5 9. Nf3 Bd6 10. Qb3 Nf6 11. O-O Qe7 12. e4 fxe4 13. dxe4 c6 14.
Be3 Be6 15. Qc2 O-O 16. h3 h6 17. Nh4 Rfe8 18. Rfd1 Bc7 19. Nf5 Bxf5 20.
exf5 Qf7 21. Bf1 Kh8 22. Qc4 Nd5 23. Bg2 Rac8 24. Bxd5 cxd5 25. Qxd5 Qxf5
26. Rac1 Bb6 27. Bxb6 Rxc1 28. Rxc1 axb6 29. Qxb7 e4 30. Qc6 Re6 31. Qc8+
Kh7 32. g4 Qg6 33. Qf8 e3 34. fxe3 Rxe3 35. Qf5 Rxh3 36. Rc6 Qxf5 37. gxf5
Rg3+ 38. Kh2 Rf3 39. Rxb6 Rxf5 40. a4 g5 41. b4 h5 42. Rb5 Rf2+ 43. Kg3 Ra2
44. Rxg5 Rxa4 45. Rxh5+ Kg6 46. Rb5 Kf6 47. Kf4 Ke6 48. Ke4 Kd6 49. Kd4 Kc6
50. Kc4 Ra1 51. Rg5 Rc1+ 52. Kb3 Rb1+ 53. Kc3 Rc1+ 54. Kb2 Rh1 55. Kc2 Rh3
56. Rc5+ Kb6 57. Rd5 Rg3 58. Rd3 Rxd3 59. Kxd3 Kb5 60. Kc3 Kb6 61. Kc4 Kc6
62. b5+ Kb6 63. Kb4 Kb7 64. Kc5 Kc7 65. b6+ Kb7 66. Kb5 Kb8 67. Ka6 Ka8 68.
b7+ Kb8 69. Kb6 1/2-1/2

[Event "36th Olympiad w"]
[Site "Calvia ESP"]
[Date "2004.10.28"]
[Round "13"]
[White "Kosintseva,N"]
[Black "Javakhishvili,L"]
[Result "1-0"]
[WhiteElo "2446"]
[BlackElo "2423"]
[EventDate "2004.10.15"]

1. e4 c6 2. d4 d5 3. exd5 cxd5 4. c4 Nf6 5. Nc3 e6 6. Nf3 Bb4 7. cxd5 Nxd5
8. Qc2 Nc6 9. Bd3 Ba5 10. a3 Nxc3 11. bxc3 Nxd4 12. Nxd4 Qxd4 13. Bb5+ Bd7
14. O-O Qd5 15. c4 Qf5 16. Bxd7+ Kxd7 17. Qb3 b6 18. Bb2 Ke7 19. Qg3 Rhd8
20. Rad1 Bd2 21. a4 Bf4 22. Qxg7 Bxh2+ 23. Kxh2 Qh5+ 24. Kg3 Rxd1 25. Rxd1
Qxd1 26. Qf6+ Kd6 27. Qf4+ Ke7 28. Qf6+ Kd6 29. Qf4+ Kd7 30. Qxf7+ Kc6 31.
Be5 Qd3+ 32. Kh2 Rc8 33. Qxa7 Qxc4 34. f4 Qd3 35. Qe7 Qg6 36. Qd6+ Kb7 37.
Qd7+ Ka6 38. Qxc8+ Ka5 39. Bc3+ Kxa4 40. Qc4+ 1-0

[Event "36th Olympiad w"]
[Site "Calvia ESP"]
[Date "2004.10.28"]
[Round "13"]
[White "Madl,I"]
[Black "Hunt,H"]
[Result "1/2-1/2"]
[WhiteElo "2369"]
[BlackElo "2385"]
[EventDate "2004.10.15"]

1. e4 c6 2. d4 d5 3. Nc3 dxe4 4. Nxe4 Bf5 5. Ng3 Bg6 6. N1e2 e6 7. h4 h6 8.
Nf4 Bh7 9. c3 Nf6 10. Bd3 Bxd3 11. Nxd3 Bd6 12. Qf3 Nbd7 13. Bf4 Qc7 14.
O-O-O O-O-O 15. h5 Bxf4+ 16. Qxf4 Qxf4+ 17. Nxf4 b5 18. Rhe1 Kc7 19. Kc2 a5
20. Nd3 Rhg8 21. Re2 Kb6 22. Ree1 Kc7 23. Re2 Kb6 1/2-1/2

[Event "36th Olympiad w"]
[Site "Calvia ESP"]
[Date "2004.10.28"]
[Round "13"]
[White "Houska,Jo"]
[Black "Vajda,S"]
[Result "1/2-1/2"]
[WhiteElo "2298"]
[BlackElo "2369"]
[EventDate "2004.10.15"]

1. e4 e5 2. Nf3 Nc6 3. Bc4 Nf6 4. d3 Bc5 5. c3 a6 6. Bb3 d6 7. Nbd2 O-O 8.
h3 Ba7 9. O-O Nh5 10. Nxe5 Nxe5 11. Qxh5 Nxd3 12. Nf3 Qf6 13. Bg5 Qg6 14.
Qxg6 hxg6 15. Rad1 Nc5 16. Bc2 a5 17. Nd4 Ne6 18. Be3 Nxd4 19. Bxd4 Bxd4
20. Rxd4 Re8 21. f4 Be6 22. a4 f6 23. Rc1 Re7 24. b4 Bf7 25. Bd1 Be8 26.
Bb3+ Bf7 27. Bd1 Be8 28. Bb3+ Bf7 1/2-1/2

[Event "36th Olympiad w"]
[Site "Calvia ESP"]
[Date "2004.10.28"]
[Round "13"]
[White "Gara,A"]
[Black "Richards,H"]
[Result "1-0"]
[WhiteElo "2390"]
[BlackElo "2197"]
[EventDate "2004.10.15"]

1. e4 e6 2. d4 d5 3. Nc3 Bb4 4. e5 c5 5. dxc5 Nc6 6. Nf3 Nge7 7. Bd3 Ng6 8.
O-O Ngxe5 9. Nxe5 Nxe5 10. Bf4 Nxd3 11. Qxd3 Bxc3 12. Qxc3 O-O 13. Bd6 Re8
14. f4 b6 15. b4 bxc5 16. bxc5 Ba6 17. Rf3 Rc8 18. Rg3 f6 19. Rb1 Kh8 20.
Qa3 Rc6 21. Rb8 Qd7 22. Rxe8+ Qxe8 23. Rb3 h6 24. Qa4 Qd7 25. Qd4 Bc4 26.
Rg3 Qb7 27. h4 Rc8 28. Qe3 Qf7 29. a3 Rc6 30. Qf3 Rc8 31. Qg4 Rd8 32. c3
Bb5 33. Re3 Re8 34. h5 a6 35. Qd1 Rg8 36. a4 Bc4 37. c6 Rc8 38. Qe1 d4 39.
cxd4 Rxc6 40. Qb4 Qxh5 41. Qb8+ Kh7 42. Bc5 Bd5 43. Rg3 Qh4 44. Qb1+ f5 45.
Qe1 Qxf4 46. a5 Be4 47. Qe3 Qc7 48. Bf8 Rc1+ 49. Kh2 Bb1 50. Bd6 Qxd6 51.
Qxc1 Be4 52. Qe3 g5 53. Kg1 Qd5 54. Qc3 Qb7 55. Qb3 Qd7 56. Qb6 Qc8 57. Qc5
Qb7 58. Qe5 Qd5 59. Qf6 Qxa5 60. Rh3 Kg8 61. Rxh6 Qe1+ 62. Kh2 Qh4+ 1-0